000 00660nam a22001577a 4500
008 090625t xxu||||| |||| 00| 0 eng d
020 _a9780750686921
082 _222
_a621.402
_bMUL
245 _aIndustrial and process furnaces :
_bprinciples, design and operation /
_c Peter Mullinger, Barrie Jenkins.
260 _aAmsterdam :
_bButterworth-Heinemann,
_c2008
300 _a524p.:
_bill.;
_c23 cm.
650 _96977
_aFurnaces
_x--Design and construction.
650 _96973
_aFurnaces
942 _2ddc
_cBB
999 _c12044
_d12044